LEADER 01071nam a2200253 i 4500 001 000000042286 003 CaOOAMICUS 005 20251020164344.0 008 090529s1933 it u000 u ita u 013 $a13456 040 $aSeMil$bita 100 1 $aBertini, Giovanni Maria,$d<1912-2002>.$0(OLS)http://semarc/name/10617 245 13$aLa Rivoluzione spagnuola /$cGiovanni Bertini Maria. 260 $aMilano :$bVita e Pensiero,$c1933. 300 $a139 p. ;$c20 cm. 490 0 $aI quaderni del cattolicismo contemporaneo ;$v11 650 4$aGuerra civile spagnola <1936-1939>.$0(OLS)http://semarc/subject/6879 650 4$aSpagna - Storia - Sec. 20.$0(OLS)http://semarc/subject/6369 830 2$aI quaderni del cattolicismo contemporaneo ;$v11.$0(OLS)http://semarc/title/18470 850 $aSeMil 852 $aSeMil$W1$xVenegono$y1$m3V I 158$j263509$B8441$CSeMilBibl$Z2$F8441 $81 996 $6245$aLa Rivoluzione spagnuola$9(OLS)http://semarc/title/61612 996 $6260$aMilano :$bVita e Pensiero$9(OLS)http://semarc/publisher/29642 LEADER 01170nam a2200205 i 4500 001 000000198998 003 CaOOAMICUS 005 20110314000000.0 008 110314s1874 it u000 u ita u 013 $a177688 040 $aSeMil$bita 100 1 $aMerlini, Agostino.$0(OLS)http://semarc/name/72029 245 10$aEsposizione ed esame critico del giudizio penale avanti la Corte d'assisie-Circolo di Forlì nei giorni 25 marzo 1874 e seguenti contro Luigi Taraborelli accusato di complicità nelle truffe con falso commesse da Pellegrino Masotti contumace /$cper Agostino M. Merlini. 260 $aForlì :$bBordandini,$c1874. 300 $a86 p. ;$c21 cm. 773 0 $t[Miscellanea.$w()1250 850 $aSeMil 852 $aSeMil$W1$xVenegono$y1$m5B I 19/8 FA$j149551$B149551$CSeMilBibl$Z2$F160936 $8I 996 $6245$aEsposizione ed esame critico del giudizio penale avanti la Corte d'assisie-Circolo di Forlì nei giorni 25 marzo 1874 e seguenti contro Luigi Taraborelli accusato di complicità nelle truffe con falso commesse da Pellegrino Masotti contumace$9(OLS)http://semarc/title/287687 996 $6260$aForlì :$bBordandini$9(OLS)http://semarc/publisher/51291 LEADER 00663nam a2200205 i 4500 001 000000059236 003 CaOOAMICUS 005 20191028154827.0 008 000222s1999 it u000 u ita u 013 $a30408 040 $aSeMil$bita 245 10$aA-Bur. 300 $aXIII, 757 p., [1] c. di tav. 650 4$aMusicisti - Enciclopedie e dizionari.$0(OLS)http://semarc/subject/695 773 0 $tBiografie.$gVolume1$w()3304 850 $aSeMil 852 $aSeMil$W1$xVenegono$y1$mSL1.B V 5$j25389$B25389$CSeMilBibl$Z2$F25392 $8I 961 $aAcquisto: UTET (Agente) 996 $6245$aA-Bur$9(OLS)http://semarc/title/92518